<?xml version="1.0" encoding="UTF-8"?>
<record
    xmlns:xsi="http://www.w3.org/2001/XMLSchema-instance"
    xsi:schemaLocation="http://www.loc.gov/MARC21/slim http://www.loc.gov/standards/marcxml/schema/MARC21slim.xsd"
    xmlns="http://www.loc.gov/MARC21/slim">

  <leader>00718nam a22002057a 4500</leader>
  <controlfield tag="005">20210609100642.0</controlfield>
  <controlfield tag="008">111116t        mx ||||| |||| 00| 0 spa d</controlfield>
  <datafield tag="020" ind1=" " ind2=" ">
    <subfield code="a">9233010252</subfield>
  </datafield>
  <datafield tag="050" ind1="0" ind2="4">
    <subfield code="a">PQ7081.A1 </subfield>
    <subfield code="b">A44 1974</subfield>
  </datafield>
  <datafield tag="245" ind1="0" ind2="0">
    <subfield code="a">America latina en su literatura /</subfield>
    <subfield code="c">coordinacion e introducci&#xF3;n  Cesar Fernandez Moreno.</subfield>
  </datafield>
  <datafield tag="250" ind1=" " ind2=" ">
    <subfield code="a">2a ed.</subfield>
  </datafield>
  <datafield tag="260" ind1=" " ind2=" ">
    <subfield code="a">M&#xE9;xico :</subfield>
    <subfield code="b">Siglo Veintiuno,</subfield>
    <subfield code="c">1974</subfield>
  </datafield>
  <datafield tag="300" ind1=" " ind2=" ">
    <subfield code="a">xvi, 494 p. ;</subfield>
    <subfield code="c">23 cm.</subfield>
  </datafield>
  <datafield tag="490" ind1="0" ind2=" ">
    <subfield code="a">America latina en su cultura </subfield>
  </datafield>
  <datafield tag="504" ind1=" " ind2=" ">
    <subfield code="a">Bibliografia : p. 469-484 e &#xED;ndice</subfield>
  </datafield>
  <datafield tag="650" ind1=" " ind2="7">
    <subfield code="2">Lemb</subfield>
    <subfield code="a">Literatura latinoamericaca</subfield>
    <subfield code="x">Historia y cr&#xED;trica </subfield>
  </datafield>
  <datafield tag="650" ind1=" " ind2="7">
    <subfield code="2">Lemb. </subfield>
    <subfield code="a">Literatura </subfield>
  </datafield>
  <datafield tag="700" ind1="1" ind2=" ">
    <subfield code="a">Fernandez Moreno, Cesar</subfield>
    <subfield code="e">coordinador  e introducci&#xF3;n</subfield>
  </datafield>
  <datafield tag="942" ind1=" " ind2=" ">
    <subfield code="2">lcc</subfield>
    <subfield code="c">LIB</subfield>
  </datafield>
  <datafield tag="999" ind1=" " ind2=" ">
    <subfield code="c">40068</subfield>
    <subfield code="d">40068</subfield>
  </datafield>
  <datafield tag="952" ind1=" " ind2=" ">
    <subfield code="1">0</subfield>
    <subfield code="2">lcc</subfield>
    <subfield code="4">0</subfield>
    <subfield code="7">0</subfield>
    <subfield code="a">LIC-046</subfield>
    <subfield code="b">LIC-046</subfield>
    <subfield code="c">GENERAL</subfield>
    <subfield code="d">2013-08-15</subfield>
    <subfield code="e">PIFI-2010</subfield>
    <subfield code="f">17a ed.</subfield>
    <subfield code="h">LLH000002805</subfield>
    <subfield code="k">EH</subfield>
    <subfield code="o">PQ7081 A44 2000</subfield>
    <subfield code="p">LLH000002805</subfield>
    <subfield code="r">2015-01-16 00:00:00</subfield>
    <subfield code="t">C:1</subfield>
    <subfield code="y">LIB</subfield>
    <subfield code="z">General</subfield>
  </datafield>
  <datafield tag="952" ind1=" " ind2=" ">
    <subfield code="1">0</subfield>
    <subfield code="2">lcc</subfield>
    <subfield code="4">0</subfield>
    <subfield code="7">0</subfield>
    <subfield code="a">LIC-046</subfield>
    <subfield code="b">LIC-046</subfield>
    <subfield code="c">GENERAL</subfield>
    <subfield code="d">2016-10-27</subfield>
    <subfield code="e">UA</subfield>
    <subfield code="f">17a ed.</subfield>
    <subfield code="h">LLH000008681</subfield>
    <subfield code="k">EH</subfield>
    <subfield code="o">PQ7081 A44 2000</subfield>
    <subfield code="p">LLH000008681</subfield>
    <subfield code="r">2016-10-27 00:00:00</subfield>
    <subfield code="t">C:2</subfield>
    <subfield code="y">LIB</subfield>
    <subfield code="z">General</subfield>
  </datafield>
  <datafield tag="952" ind1=" " ind2=" ">
    <subfield code="1">0</subfield>
    <subfield code="2">lcc</subfield>
    <subfield code="4">0</subfield>
    <subfield code="7">0</subfield>
    <subfield code="a">LIC-046</subfield>
    <subfield code="b">LIC-046</subfield>
    <subfield code="c">GENERAL</subfield>
    <subfield code="d">2016-10-27</subfield>
    <subfield code="e">UA</subfield>
    <subfield code="f">17a ed.</subfield>
    <subfield code="h">LLH000008682</subfield>
    <subfield code="k">EH</subfield>
    <subfield code="o">PQ7081 A44 2000</subfield>
    <subfield code="p">LLH000008682</subfield>
    <subfield code="r">2016-10-27 00:00:00</subfield>
    <subfield code="t">C:3</subfield>
    <subfield code="y">LIB</subfield>
    <subfield code="z">General</subfield>
  </datafield>
  <datafield tag="952" ind1=" " ind2=" ">
    <subfield code="1">0</subfield>
    <subfield code="2">lcc</subfield>
    <subfield code="4">0</subfield>
    <subfield code="7">0</subfield>
    <subfield code="a">LIC-046</subfield>
    <subfield code="b">LIC-046</subfield>
    <subfield code="c">GENERAL</subfield>
    <subfield code="d">2016-10-27</subfield>
    <subfield code="e">UA</subfield>
    <subfield code="f">17a ed.</subfield>
    <subfield code="h">LLH000008683</subfield>
    <subfield code="k">EH</subfield>
    <subfield code="o">PQ7081 A44 2000</subfield>
    <subfield code="p">LLH000008683</subfield>
    <subfield code="r">2016-10-27 00:00:00</subfield>
    <subfield code="t">C:4</subfield>
    <subfield code="y">LIB</subfield>
    <subfield code="z">General</subfield>
  </datafield>
  <datafield tag="952" ind1=" " ind2=" ">
    <subfield code="1">0</subfield>
    <subfield code="2">lcc</subfield>
    <subfield code="4">0</subfield>
    <subfield code="7">0</subfield>
    <subfield code="a">LIC-046</subfield>
    <subfield code="b">LIC-046</subfield>
    <subfield code="c">GENERAL</subfield>
    <subfield code="d">2016-10-27</subfield>
    <subfield code="e">PIFI-2010</subfield>
    <subfield code="f">15a ed.</subfield>
    <subfield code="h">LLH000008684</subfield>
    <subfield code="k">EH</subfield>
    <subfield code="o">PQ7081 A44 1996</subfield>
    <subfield code="p">LLH000008684</subfield>
    <subfield code="r">2016-10-27 00:00:00</subfield>
    <subfield code="t">C:5</subfield>
    <subfield code="y">LIB</subfield>
    <subfield code="z">General</subfield>
  </datafield>
  <datafield tag="952" ind1=" " ind2=" ">
    <subfield code="1">0</subfield>
    <subfield code="2">lcc</subfield>
    <subfield code="4">0</subfield>
    <subfield code="7">0</subfield>
    <subfield code="a">LIC-046</subfield>
    <subfield code="b">LIC-046</subfield>
    <subfield code="c">GENERAL</subfield>
    <subfield code="d">2016-10-27</subfield>
    <subfield code="e">PIFI-2010</subfield>
    <subfield code="f">15a ed.</subfield>
    <subfield code="h">LLH000008685</subfield>
    <subfield code="k">EH</subfield>
    <subfield code="o">PQ7081 A44 1996</subfield>
    <subfield code="p">LLH000008685</subfield>
    <subfield code="r">2016-10-27 00:00:00</subfield>
    <subfield code="t">C:6</subfield>
    <subfield code="y">LIB</subfield>
    <subfield code="z">General</subfield>
  </datafield>
  <datafield tag="952" ind1=" " ind2=" ">
    <subfield code="1">0</subfield>
    <subfield code="2">lcc</subfield>
    <subfield code="4">0</subfield>
    <subfield code="7">0</subfield>
    <subfield code="a">LIC-046</subfield>
    <subfield code="b">LIC-046</subfield>
    <subfield code="c">GENERAL</subfield>
    <subfield code="d">2016-10-27</subfield>
    <subfield code="e">DON</subfield>
    <subfield code="f">9a ed.</subfield>
    <subfield code="h">LLH000008686</subfield>
    <subfield code="k">EH</subfield>
    <subfield code="o">PQ7081 A44 1984</subfield>
    <subfield code="p">LLH000008686</subfield>
    <subfield code="r">2016-10-27 00:00:00</subfield>
    <subfield code="t">C:7</subfield>
    <subfield code="y">LIB</subfield>
    <subfield code="z">General</subfield>
  </datafield>
</record>
